000 00595nam a2200181 4500
001 108868
003 ES-MaACL
007 t|
008 061121s1966 sp r ||||1| spa d
100 1 _aMontuclard, Maurice.
_982754
245 1 0 _aConciencia religiosa y democracia /
_cMaurice Montuclard ; versión de Florentino Trapero, con una introducción de Pedro Altares.
260 _a[Madrid] :
_bTaurus,
_c[1966]
300 _aXX , 412 p. ;
_c18 cm.
700 1 _aTrapero, Florentino.
_9176602
700 1 _aAltares, Pedro.
_920521
852 _aES-MaACL
_jG-15937
_bR.62272
999 _c108868
_d108868